Алгоритмическое обеспечение нейронной сети с полиномиальными кусочно-непрерывными функциями активации для обнаружения закономерностей в данных: автореферат диссертации на соискание ученой степени кандидата технических наук; спец. 05.13.01

التفاصيل البيبلوغرافية
المؤلف الرئيسي: Нгуен Ань Ту
مؤلفون مشاركون: Национальный исследовательский Томский политехнический университет, Томский государственный университет систем управления и радиоэлектроники (ТУСУР)
مؤلفون آخرون: Кориков А. М. Анатолий Михайлович
الملخص:Защита сост. 18.12.2019 г.
اللغة:الروسية
منشور في: Томск, [Б. и.], 2019
الموضوعات:
التنسيق: كتاب
KOHA link:https://koha.lib.tpu.ru/cgi-bin/koha/opac-detail.pl?biblionumber=343858

MARC

LEADER 00000nam0a2200000 4500
001 343858
005 20231102005614.0
035 |a (RuTPU)RU\TPU\book\374490 
090 |a 343858 
100 |a 20191101d2019 k y0rusy50 ca 
101 0 |a rus 
102 |a RU 
105 |a a dm 001zy 
200 1 |a Алгоритмическое обеспечение нейронной сети с полиномиальными кусочно-непрерывными функциями активации для обнаружения закономерностей в данных  |e автореферат диссертации на соискание ученой степени кандидата технических наук  |e спец. 05.13.01  |f Нгуен Ань Ту  |g Национальный исследовательский Томский политехнический университет ; Томский государственный университет систем управления и радиоэлектроники (ТУСУР) ; А. М. Кориков 
210 |a Томск  |c [Б. и.]  |d 2019 
215 |a 22 с.  |c ил. 
300 |a Защита сост. 18.12.2019 г. 
320 |a Библиогр.: с. 20-22 (12 назв.) 
452 1 |0 (RuTPU)RU\TPU\book\374185  |t Алгоритмическое обеспечение нейронной сети с полиномиальными кусочно-непрерывными функциями активации для обнаружения закономерностей в данных  |o автореферат диссертации на соискание ученой степени кандидата технических наук  |o спец. 05.13.01  |f Нгуен Ань Ту  |g Национальный исследовательский Томский политехнический университет ; Томский государственный университет систем управления и радиоэлектроники (ТУСУР) ; науч. рук. А. М. Кориков  |c Томск  |d 2019 
606 1 |a Нейронные сети  |2 stltpush  |3 (RuTPU)RU\TPU\subj\39561  |9 59569 
610 1 |a искусственные нейронные сети 
610 1 |a виды 
610 1 |a описание 
610 1 |a многослойные нейронные сети 
610 1 |a применение 
610 1 |a структура 
610 1 |a слои 
610 1 |a функции активации 
610 1 |a авторефераты диссертаций 
610 1 |a труды учёных ТПУ 
675 |a 004.7.032.26(04)  |v 4 
686 |a 05.13.01  |2 oksvnk 
700 0 |a Нгуен Ань Ту  |c специалист в области информатики и вычислительной техники  |c инженер-исследователь Томского политехнического университета  |f 1989-  |2 stltpush  |3 (RuTPU)RU\TPU\pers\44801 
702 1 |a Кориков  |b А. М.  |c радиофизик, специалист в области информатики и вычислительной техники  |c профессор Томского политехнического университета, доктор технических наук  |c проректор Томского института автоматизированных систем управления и радиоэлектроники (ТИАСУР)  |f 1942-  |g Анатолий Михайлович  |2 stltpush  |3 (RuTPU)RU\TPU\pers\11852 
712 0 2 |a Национальный исследовательский Томский политехнический университет  |c (2009- )  |2 stltpush  |3 (RuTPU)RU\TPU\col\15902  |9 26305 
712 0 2 |a Томский государственный университет систем управления и радиоэлектроники (ТУСУР)  |c (1997 - )  |2 stltpush  |3 (RuTPU)RU\TPU\col\422 
801 1 |a RU  |b 63413507  |c 20191101 
801 2 |a RU  |b 63413507  |c 20191129  |g RCR 
942 |c BK